All Country Flags of the World (254) - Statistics

General Stats
  • This quiz has been taken 291 times
  • The average score is 76 of 254
Answer Stats
Picture Answer % Correct
India
73%
Slovakia
58%
Colombia
49%
Mexico
45%
Niger
45%
Egypt
44%
Nigeria
44%
United Kingdom
44%
China
43%
Peru
43%
Spain
43%
Bosnia and Herzegovina
42%
Canada
42%
Iceland
42%
Jamaica
42%
Kenya
42%
Morocco
42%
North Korea
42%
Sri Lanka
42%
United States
42%
Dominica
41%
Lebanon
41%
Liechtenstein
41%
Luxembourg
41%
Uruguay
41%
Vatican City
41%
Brazil
40%
Denmark
40%
Dominican Republic
40%
Mozambique
40%
Paraguay
40%
United Arab Emirates
40%
Venezuela
40%
Barbados
39%
Belgium
39%
Croatia
39%
Italy
39%
Libya
39%
Norway
39%
Sierra Leone
39%
Sudan
39%
Switzerland
39%
Armenia
38%
Australia
38%
Bangladesh
38%
Benin
38%
Guatemala
38%
Ireland
38%
Kazakhstan
38%
Latvia
38%
Mongolia
38%
Nauru
38%
Nepal
38%
Zimbabwe
38%
Bahamas
37%
Cape Verde
37%
Chad
37%
Chile
37%
Cuba
37%
France
37%
Ghana
37%
Guinea
37%
Hong Kong
37%
Maldives
37%
Niue
37%
Bahrain
36%
Bhutan
36%
Burkina Faso
36%
Cameroon
36%
Democratic Republic of the Congo
36%
El Salvador
36%
Estonia
36%
Hungary
36%
Malta
36%
Myanmar
36%
Netherlands
36%
Palau
36%
Puerto Rico
36%
Qatar
36%
Romania
36%
Senegal
36%
Serbia
36%
Tunisia
36%
Wales
36%
Azerbaijan
35%
Fiji
35%
Guam
35%
Guyana
35%
Republic of the Congo
35%
Somalia
35%
Suriname
35%
Togo
35%
American Samoa
34%
Belarus
34%
Greece
34%
Iran
34%
Japan
34%
Laos
34%
Mali
34%
Palestine
34%
Tajikistan
34%
Algeria
33%
Burundi
33%
Comoros
33%
Costa Rica
33%
Ecuador
33%
Eritrea
33%
Ethiopia
33%
Finland
33%
Gibraltar
33%
Greenland
33%
Guinea-Bissau
33%
Honduras
33%
Iraq
33%
Israel
33%
Lesotho
33%
Moldova
33%
North Macedonia
33%
Saint Lucia
33%
San Marino
33%
Saudi Arabia
33%
Slovenia
33%
South Korea
33%
Turkey
33%
Ukraine
33%
Czechia
32%
Haiti
32%
Indonesia
32%
Ivory Coast
32%
Kyrgyzstan
32%
New Zealand
32%
Pakistan
32%
Russia
32%
Scotland
32%
Singapore
32%
Thailand
32%
Vietnam
32%
Argentina
31%
Central African Republic
31%
Cyprus
31%
England
31%
Gambia
31%
Jordan
31%
Kiribati
31%
Liberia
31%
Panama
31%
Portugal
31%
Samoa
31%
South Sudan
31%
Taiwan
31%
Uganda
31%
Uzbekistan
31%
Yemen
31%
Albania
30%
Antigua and Barbuda
30%
Bulgaria
30%
Equatorial Guinea
30%
Georgia
30%
Germany
30%
Marshall Islands
30%
Micronesia
30%
Monaco
30%
Montenegro
30%
Nicaragua
30%
Poland
30%
Rwanda
30%
South Africa
30%
Sweden
30%
Turkmenistan
30%
Zambia
30%
Andorra
29%
Lithuania
29%
Malawi
29%
Malaysia
29%
Oman
29%
Philippines
29%
Angola
28%
Belize
28%
Bolivia
28%
Botswana
28%
Brunei
28%
Gabon
28%
Kosovo
28%
Kuwait
28%
Mauritius
28%
Trinidad and Tobago
28%
Vanuatu
28%
Antarctica
27%
Austria
27%
Cambodia
27%
Christmas Island
27%
Djibouti
27%
Madagascar
27%
Mauritania
27%
Namibia
27%
Seychelles
27%
Solomon Islands
27%
Syria
27%
Tanzania
27%
Tuvalu
27%
East Timor (Timor-Leste)
26%
Eswatini
26%
Grenada
26%
Afghanistan
25%
Papua New Guinea
25%
Saint Vincent and the Grenadines
25%
Saint Kitts and Nevis
24%
Cook Islands
23%
Jersey
23%
Aruba
22%
Réunion
22%
São Tomé and Príncipe
22%
Isle of Man
21%
Bermuda
20%
Faroe Islands
20%
Tokelau
19%
French Polynesia
18%
Anguilla
17%
Guernsey
17%
Macau
17%
Norfolk Island
17%
Aland Islands
15%
Montserrat
15%
Western Sahara
15%
British Virgin Islands
14%
Cayman Islands
14%
Cocos Islands
14%
Falkland Islands
14%
Pitcairn Islands
14%
Northern Mariana Islands
13%
Saint Martin
11%
French Guiana (France)
10%
United States Virgin Islands
10%
Sint Maarten
9%
British Indian Ocean Territory
8%
French Southern and Antarctic Lands
8%
Turks and Caicos Islands
8%
Bouvet Island
7%
Saint Pierre and Miquelon (France)
6%
United States Minor Outlying Islands
3%
Curaçao (Curacao)
2%
Martinique (France)
2%
Mayotte (France)
2%
Northern Ireland (UK)
2%
Saint Barthélemy (France)
2%
Wallis and Futuna (France)
2%
Heard Island and McDonald Islands (Australia)
1%
New Caledonia (France)
1%
Saint Helena, Ascension and Tristan da Cunha (UK)
1%
South Georgia (UK)
1%
Toga
1%
Caribbean Netherlands (Netherlands)
0%
Guadeloupe (France)
0%
Svalbard and Jan Mayen (Norway)
0%
No matching quizzes found
Score Distribution
Percent of People with Each Score
Percentile by Number Answered
Your Score History
You have not taken this quiz